MARC

Tag First Indicator Second Indicator Subfields
LEADER 00000cas a2200000 a 4500
001 in00000393313
005 20151011122808.0
008 780206c19769999nyuqr1p 0uuua0eng d
010 |a sf 80000569   |z sn 78006727  
012 |a 3  |j 0  |l 1 
022 0 |a 0163-5808 
030 |a SRECD8 
035 |a (OCoLC)03611577 
035 |9 ABS4749AM 
040 |a DXU  |c DXU  |d NSD  |d IUL  |d DLC  |d OCL  |d NST  |d DLC  |d NST  |d AIP  |d NST  |d NSD  |d NST  |d TXA  |d UtOrBLW 
042 |a nsdp  |a lc 
049 |a TXAE 
050 0 0 |a UNC 
090 |a QA76  |b .S53 
210 0 |a SIGMOD rec. 
222 0 |a SIGMOD record 
245 0 0 |a SIGMOD record. 
246 3 |a Special Interest Group on Management of Data record 
264 1 |a New York :  |b Special Interest Group on the Management of Data. 
300 |a volumes ;  |c 28 cm. 
310 |a Quarterly 
336 |a text  |b txt  |2 rdacontent 
337 |a unmediated  |b n  |2 rdamedia 
338 |a volume  |b nc  |2 rdacarrier 
362 0 |a Vol. 8, no. 3 (Sept. 1976)- 
510 2 |a Computer & control abstracts  |x 0036-8113  |b Jan. 1981- 
510 2 |a Electrical & electronics abstracts  |x 0036-8105  |b Jan. 1981- 
510 2 |a Physics abstracts. Science abstracts. Series A  |x 0036-8091  |b Jan. 1981- 
500 |a Some issues 197 - include proceedings of ACM-SIGMOD conferences, including International Conference on Management of Data. 
650 0 |a Database management  |v Periodicals. 
650 0 |a Database management  |v Congresses. 
710 2 |a Association for Computing Machinery.  |b Special Interest Group on Management of Data. 
711 2 |a ACM-Sigmod International Conference on Management of Data. 
780 0 0 |a Association for Computing Machinery. Special Interest Group on File Description and Translation.  |t FDT bulletin. 
999 |a MARS 
999 f f |s f5408818-af1b-316a-9497-d01943e7b355  |i 0e3f0a6e-19c2-30b1-81b4-b24661ccbbbc  |t 0 
952 f f |p ric  |a Texas A&M University  |b Rellis Campus  |c Joint Library Facility  |d Remote Storage  |t 0  |e QA76 .S53  |h Library of Congress classification  |i unmediated -- volume  |k v.16  |l 1987  |m A14842535123 
952 f f |p ric  |a Texas A&M University  |b Rellis Campus  |c Joint Library Facility  |d Remote Storage  |t 0  |e QA76 .S53  |h Library of Congress classification  |i unmediated -- volume  |k v.21  |l 1992  |m 32939000011194 
952 f f |p ric  |a Texas A&M University  |b Rellis Campus  |c Joint Library Facility  |d Remote Storage  |t 0  |e QA76 .S53  |h Library of Congress classification  |i unmediated -- volume  |k v.24  |l 1995  |m 32939000011173 
952 f f |p ric  |a Texas A&M University  |b Rellis Campus  |c Joint Library Facility  |d Remote Storage  |t 0  |e QA76 .S53  |h Library of Congress classification  |i unmediated -- volume  |k v.18  |l 1989  |m 32939000011191 
952 f f |p ric  |a Texas A&M University  |b Rellis Campus  |c Joint Library Facility  |d Remote Storage  |t 0  |e QA76 .S53  |h Library of Congress classification  |i unmediated -- volume  |k v.15  |l 1986  |m A14842535230 
952 f f |p ric  |a Texas A&M University  |b Rellis Campus  |c Joint Library Facility  |d Remote Storage  |t 0  |e QA76 .S53  |h Library of Congress classification  |i unmediated -- volume  |k v.20  |l 1991  |m 32939000011193 
952 f f |p ric  |a Texas A&M University  |b Rellis Campus  |c Joint Library Facility  |d Remote Storage  |t 0  |e QA76 .S53  |h Library of Congress classification  |i unmediated -- volume  |k v.30  |l 2001  |m 32939000011179 
952 f f |p ric  |a Texas A&M University  |b Rellis Campus  |c Joint Library Facility  |d Remote Storage  |t 0  |e QA76 .S53  |h Library of Congress classification  |i unmediated -- volume  |k v.27  |l 1998  |m 32939000011176 
952 f f |p ric  |a Texas A&M University  |b Rellis Campus  |c Joint Library Facility  |d Remote Storage  |t 0  |e QA76 .S53  |h Library of Congress classification  |i unmediated -- volume  |k v.14  |l 1984/1985  |m A14842535347 
952 f f |p ric  |a Texas A&M University  |b Rellis Campus  |c Joint Library Facility  |d Remote Storage  |t 0  |e QA76 .S53  |h Library of Congress classification  |i unmediated -- volume  |k v.26  |l 1997  |m 32939000011174 
952 f f |p ric  |a Texas A&M University  |b Rellis Campus  |c Joint Library Facility  |d Remote Storage  |t 0  |e QA76 .S53  |h Library of Congress classification  |i unmediated -- volume  |k v.22  |l 1993  |m 32939000011195 
952 f f |p ric  |a Texas A&M University  |b Rellis Campus  |c Joint Library Facility  |d Remote Storage  |t 0  |e QA76 .S53  |h Library of Congress classification  |i unmediated -- volume  |k v.29  |l 2000  |m 32939000011178 
952 f f |p ric  |a Texas A&M University  |b Rellis Campus  |c Joint Library Facility  |d Remote Storage  |t 0  |e QA76 .S53  |h Library of Congress classification  |i unmediated -- volume  |k v.17  |l 1988  |m 32939000011190 
952 f f |p ric  |a Texas A&M University  |b Rellis Campus  |c Joint Library Facility  |d Remote Storage  |t 0  |e QA76 .S53  |h Library of Congress classification  |i unmediated -- volume  |k v.31  |l 2002  |m 32939000011180 
952 f f |p ric  |a Texas A&M University  |b Rellis Campus  |c Joint Library Facility  |d Remote Storage  |t 0  |e QA76 .S53  |h Library of Congress classification  |i unmediated -- volume  |k v.23  |l 1994  |m 32939000011172 
952 f f |p ric  |a Texas A&M University  |b Rellis Campus  |c Joint Library Facility  |d Remote Storage  |t 0  |e QA76 .S53  |h Library of Congress classification  |i unmediated -- volume  |k v.19  |l 1990  |m 32939000011192 
952 f f |p ric  |a Texas A&M University  |b Rellis Campus  |c Joint Library Facility  |d Remote Storage  |t 0  |e QA76 .S53  |h Library of Congress classification  |i unmediated -- volume  |k v.28  |l 1999  |m 32939000011177 
952 f f |p ric  |a Texas A&M University  |b Rellis Campus  |c Joint Library Facility  |d Remote Storage  |t 0  |e QA76 .S53  |h Library of Congress classification  |i unmediated -- volume  |k v.13:no.4  |l 1983:May  |m A14842535453 
952 f f |p ric  |a Texas A&M University  |b Rellis Campus  |c Joint Library Facility  |d Remote Storage  |t 0  |e QA76 .S53  |h Library of Congress classification  |i unmediated -- volume  |k v.25  |l 1996  |m 32939000011175 
998 f f |a QA76 .S53  |s v.14-31 (1984/1985-2002)  |t 0  |l Remote Storage